| 000 | 01013nam a22002535i 4500 | ||
|---|---|---|---|
| 001 | 156692 | ||
| 003 | ES-MaACL | ||
| 005 | 20230906210456.0 | ||
| 008 | 940518q18511883sp a |||| | spa d | ||
| 040 |
_aCAT _bspa _cCAT _dCCPB |
||
| 080 | _a597 | ||
| 100 | 0 |
_aLa Blanchère, Henri de. _969131 |
|
| 245 | 1 | 3 |
_aLa Inteligencia de los peces / _cpor H. de la Blanchère ; traducción de D.G.R. y M. |
| 260 |
_aMadrid : _b[s.n., _cs.a.] ( _fImprenta de Gaspar y Roig) |
||
| 300 |
_a208 p. : _bil. ; _c19 cm. |
||
| 490 | 1 | _aBiblioteca científica recreativa | |
| 596 | 1 | _aFecha obtenida de la época de trabajo del impresor: entre 1851- 1883. | |
| 650 | 4 |
_aPeces. _9146663 |
|
| 700 | 0 |
_aG. R. y M. _9188201 |
|
| 830 | 0 |
_aBiblioteca científica recreativa _9187913 |
|
| 852 |
_aES-MaACL _jT-637-F-2 _z-- Enc. hol. conservando la cub. original _z-- Dedicatoria ms. de Gustavo Saenz Diez a la biblioteca de Los Escolares Médicos _z-- Enc. en un vol. facticio |
||
| 999 |
_c156692 _d156692 |
||